000 00671nam a22002177a 4500
003 OSt
005 20141211110404.0
008 141113b xxu||||| |||| 00| 0 eng d
020 _a9968-41-105-1
040 _cBMC
082 _a808.0687286
100 1 _aCabrera Valverde, Jorge Mario
_94429
245 1 0 _aDos cuentistas con el Premio Aquileo J. Echeverría
_b: Abel Pacheco y Carlos Luis Sáenz
_cJorge Mario Cabrera
250 _a1ª ed
_b
260 _aSan José (Costa Rica)
_bEdiciones Promesa
_c2006
300 _a50 p
_c22 cm
490 _aSerie Ensayo
_v5
504 _aBibliografía: p. [48]-50
650 2 4 _928302
_aCuentos costarricenses
942 _2ddc
_cBK
999 _c15679
_d15679